Savings Behavior of Private Households in the United States and West Germany

Na minha lista:
Detalhes bibliográficos
Autor principal: Kauffmann, Barbara
Formato: Livro
Idioma:alemão
inglês
Publicado em: Kiel Institut für Weltwirtschaft 1989
Edição:1. ed.
Colecção:Working Paper No.367
Tags: Adicionar Tag
Sem tags, seja o primeiro a adicionar uma tag!

MARC

LEADER 00000nam a2200000 4500
001 c029745
005 20250226081749.6
041 0 |a ger 
041 0 |a eng 
044 |a DE 
245 1 0 |a Savings Behavior of Private Households in the United States and West Germany  |c Barbara Kauffmann 
250 |a 1. ed. 
264 1 |a Kiel  |b Institut für Weltwirtschaft  |c 1989 
300 |a 18 s. 
490 1 |a Working Paper  |v No.367 
830 0 |a Working Paper  |v No.367 
100 1 |a Kauffmann, Barbara